Labour relations law in India (Record no. 34992)

MARC details
000 -LEADER
fixed length control field 00295nam a2200121Ia 4500
082 ## - DEWEY DECIMAL CLASSIFICATION NUMBER
Classification number 331:34(540)
Item number AGA
100 ## - MAIN ENTRY--AUTHOR NAME
Personal name AGARWAL, S L
245 #0 - TITLE STATEMENT
Title Labour relations law in India
260 ## - PUBLICATION, DISTRIBUTION, ETC. (IMPRINT)
Name of publisher Macmillan
Year of publication 1978
650 ## - SUBJECT ADDED ENTRY--TOPICAL TERM
Topical Term Labour laws
942 ## - ADDED ENTRY ELEMENTS (KOHA)
Koha item type Books
Holdings
Withdrawn status Lost status Damaged status Not for loan Home library Current library Date acquired Full call number Accession Number Koha item type
        RRII Library RRII Library 16/12/2021 331:34(540) AGA 15419 Books